Use of Supervisory Standards in the Financial Sector Assessment Program-Understandings with Standard Setting Bodies.

This paper informs the Executive Board of the staff-level understandings reached with global Standard Setting Bodies (SSBs) on the use of the three financial sector supervisory standards in FSAPs: the Basel Committee's Core Principles for Effective Banking Supervision (BCP), set by the Basel Co...

Descrizione completa

Dettagli Bibliografici
Ente Autore: International Monetary Fund
Natura: Periodico
Lingua:English
Pubblicazione: Washington, D.C. : International Monetary Fund, 2017.
Serie:Policy Papers; Policy Paper ; No. 2017/038
Soggetti:
Accesso online:Full text available on IMF
LEADER 02369cas a2200301 a 4500
001 AALejournalIMF020668
008 230101c9999 xx r poo 0 0eng d
020 |c 5.00 USD 
020 |z 9781498346641 
022 |a 2663-3493 
040 |a BD-DhAAL  |c BD-DhAAL 
110 2 |a International Monetary Fund. 
245 1 0 |a Use of Supervisory Standards in the Financial Sector Assessment Program-Understandings with Standard Setting Bodies. 
264 1 |a Washington, D.C. :  |b International Monetary Fund,  |c 2017. 
300 |a 1 online resource (8 pages) 
490 1 |a Policy Papers 
500 |a <strong>Off-Campus Access:</strong> No User ID or Password Required 
500 |a <strong>On-Campus Access:</strong> No User ID or Password Required 
506 |a Electronic access restricted to authorized BRAC University faculty, staff and students 
520 3 |a This paper informs the Executive Board of the staff-level understandings reached with global Standard Setting Bodies (SSBs) on the use of the three financial sector supervisory standards in FSAPs: the Basel Committee's Core Principles for Effective Banking Supervision (BCP), set by the Basel Committee on Banking Supervision (BCBS); the Insurance Core Principles (ICP), set by the International Association of Insurance Supervisors (IAIS); and the Objectives and Principles of Securities Regulation (Principles), set by the International Organization of Securities Commissions (IOSCO). As graded assessments of compliance with supervisory standards are voluntary, FSAPs have adopted a flexible approach to the use of supervisory standards. A standard is either assessed in full, resulting in grades, or used as the basis for a deeper analysis of selected elements of the oversight framework in a focused review, without grades. The SSBs and Fund staff have reached understandings on a refinement of the existing flexible approach, with sets of 'base principles' serving as the starting points for focused reviews. 
538 |a Mode of access: Internet 
650 7 |a Assessment Methodology  |2 imf 
650 7 |a Assessment  |2 imf 
650 7 |a FSAP Stability Assessment  |2 imf 
650 7 |a Fund Staff  |2 imf 
650 7 |a PP  |2 imf 
830 0 |a Policy Papers; Policy Paper ;  |v No. 2017/038 
856 4 0 |z Full text available on IMF  |u http://elibrary.imf.org/view/journals/007/2017/038/007.2017.issue-038-en.xml  |z IMF e-Library